Plan finance and expenditure in Kerala (Record no. 496705)

000 -LEADER
fixed length control field 00378cam a22001097a 4500
008 - FIXED-LENGTH DATA ELEMENTS--GENERAL INFORMATION
fixed length control field 180718b1977 xxu||||| |||| 00| 0 eng d
082 ## - DEWEY DECIMAL CLASSIFICATION NUMBER
Classification number Tooox5453 K45p
245 ## - TITLE STATEMENT
Title Plan finance and expenditure in Kerala
Statement of responsibility, etc. by Economic Division, State Planning Board
260 ## - PUBLICATION, DISTRIBUTION, ETC.
Place of publication, distribution, etc. Kerala
Name of publisher, distributor, etc. Government of Kerala
Date of publication, distribution, etc. 1977
300 ## - PHYSICAL DESCRIPTION
Extent 57p
700 ## - ADDED ENTRY--PERSONAL NAME
Personal name Trivandrum. Economic Division, State Planning Board
Holdings
Withdrawn status Lost status Damaged status Not for loan Permanent Location Current Location Date acquired Full call number Barcode Date last seen Price effective from Koha item type
        Indian Institute of Public Administration Indian Institute of Public Administration 2018-08-04 Tooox5453 K45p GG17422 2018-08-04 2018-08-04 GG

Powered by Koha